00538nam a2200205 a 4500001001300000003000900013005001700022008004100039020001000080082001800090100002300108245001600131260003900147300000800186500003500194505001400229650003400243650003200277700002300309nice12345678IN_TiNIC20260116011540.0050524s1928 laha grp 000 0 urd  ac10000a891.4391bWAI aWaiz, Rahmat Masih aNaik Samri. aLahorebF M Najmuddin Akhtarc1928 a15p aincludes index and biblioraphy2 areference aReligious Poetry-Christianity aReligion-Poetry-christinity1 aWaiz, Rahmat Masih